LEADER 01223cam0-22003611i-450- 001 990006672170403321 005 20060803092210.0 035 $a000667217 035 $aFED01000667217 035 $a(Aleph)000667217FED01 035 $a000667217 100 $a20010426d1982----km-y0itay50------ba 101 0 $aita 102 $aIT 105 $ay---n---101yy 200 1 $a<>mobilità dei lavoratori e la disciplina del collocamento$eil trasferimento di atleti tra società sportive$eatti dell' 11. congresso nazionale e della tavola rotond.$ePrato 9-11 ottobre 1981 210 $aMilano$cGiuffrè$d1982 215 $aXI, 347 p.$d26 cm 225 1 $aCentro nazionale studi di diritto del lavoro Domenico Napoletano$v4 676 $a344.1$v20$zita 676 $a344 712 02$aCentro nazionale studi di diritto del lavoro Domenico Napoletano 801 0$aIT$bUNINA$gRICA$2UNIMARC 901 $aBK 912 $a990006672170403321 952 $aCOLLEZ. 951 (4)$b26944$fFSPBC 952 $aVII F 268 (4)$b116919$fFGBC 952 $aA-III-50$blav.$fDDRC 959 $aFSPBC 959 $aFGBC 959 $aDDRC 996 $aMobilità dei lavoratori e la disciplina del collocamento$9617488 997 $aUNINA LEADER 01080nam0-22003131i-450- 001 990002035250403321 005 20090521112958.0 035 $a000203525 035 $aFED01000203525 035 $a(Aleph)000203525FED01 035 $a000203525 100 $a20030910g19721974km-y0itay50------ba 101 0 $afre 200 1 $aColeopteres Staphylinidae de la region palearctique occidentale$fH. Coiffait 210 $aToulouse$cUniversite Paul Sabatier$d1972-1974 215 $a2 v. (651, 593 p.)$d26 cm 225 1 $aNouvelle revue d'entomologie$v2$v3 327 1 $a1. : Generalités, sous familles Xantholininae et Leptotyphlinae$a2. : Sous famille Staphilininae, Tribus Philonthini et Staphylinini 610 0 $aColeotteri 610 0 $aStafilinidi 676 $a595.7642 700 1$aCoiffait,$bHenri$085915 801 0$aIT$bUNINA$gRICA$2UNIMARC 901 $aBK 912 $a990002035250403321 952 $a61 V B.5/05.1-2$b4324 (13/6/77)$fDAGEN 959 $aDAGEN 996 $aColeopteres Staphylinidae de la region palearctique occidentale$9404484 997 $aUNINA